000 00868nam a2200217 i 4500
001 94101
003 ES-MaACL
005 20231227062629.0
007 t|
008 030605s1919 sp |||| | spa d
080 _a821.134.2-14.09"12/14"
100 1 _aMenéndez Pidal, Ramón,
_d1869-1968
_980315
245 1 0 _aDiscurso acerca de la primitiva poesía lírica española
_b: leído en la inauguración del curso de 1919-1920 /
_cpor Ramón Menéndez Pidal el día 29 de noviembre de 1919.
260 _aMadrid :
_bAteneo Científico, Literario y Artístico de Madrid,
_c[1919]
300 _a85 p. ;
_c23 cm.
610 2 7 _aAteneo de Madrid-
_vDiscursos de apertura-
_yS.XX.
_91913
650 1 4 _aPoesía lírica española-
_yHasta S.XV-
_xHistoria y crítica.
_9162976
710 2 _aAteneo de Madrid.
_91875
852 _aES-MaACL
_j1658-F-16
999 _c94101
_d94101